00702nam a2200241 a 4500001001300000003000900013005001700022008004100039020000900080082001800089100002300107245003300130260004800163300000900211500003500220505001000255650002300265700002300288902000800311942000700319952011700326999001700443nice12345678IN_TiNIC20260116013613.0050524s1982 dela grp 000 0 urd  ac3000a297.1227bMAU aMaudoodi, Abul Ala aQurani Sortoun Ka Pas Manzar aDelhibMarkazi Maktaba Jamat-E-Islamic1982 a472p aincludes index and biblioraphy2 aIndex aQuran-Hermeneutics1 aMaudoodi, Abul Ala bSRS cBK 001040708StackRoom-aHMIbHMId2007-08-02g30.00l0o297.1227 MAUp015471r2007-08-02v30.00w2005-05-24yBK c11628d11628